000 00195 a2200097 4500
001 3326
100 _aBellegarde, C.D
245 _aAfrican escape
260 _a
_bKimber
_c
090 _c2604
_d2604
942 _aNUST-CAE
_cM
_c17825
999 _c238399
_d238399